| 000 | 00508nam a22001577a 4500 | ||
|---|---|---|---|
| 003 | OSt | ||
| 008 | 260603b |||||||| |||| 00| 0 eng d | ||
| 020 | _a9783030803544 | ||
| 082 |
_a571.2 _bW76A |
||
| 245 |
_aAdvances in Plant Omics and Systems Biology Approaches/ _bedited by Flavia Vischi Winck |
||
| 260 |
_aNew Work: _bSpringer Nature; _c2021. |
||
| 300 | _axxiv, 201 p. | ||
| 650 | _aPure Sciences | Biology | Plants | Physiology | Plant Physiology | ||
| 700 | _aWinck, Flavia Vischi | ||
| 942 |
_2ddc _cBK |
||
| 999 |
_c51266 _d51266 |
||